000 00365 a2200109 4500
001 ART_7621
005 20260410161637.0
008 260409a
245 1 0 _aAlgunas reflexiones sobre los convenios para evitar la doble imposición internacional
100 1 _aEdelstein, Andrés M.
773 0 _tConsultor tributario
_g- Nº 5 (jul. 2007)
_wREV474
999 _c12994
_d12994